Manual de enfermedades de las plantas /
Guardado en:
| Autor Principal: | |
|---|---|
| Formato: | Libro |
| Publicado: |
Madrid :
Mundi Prensa,
1992
|
| Materias: | |
| Etiquetas: |
Agregar Etiqueta
Sin Etiquetas, Sea el primero en etiquetar este registro!
|
| LEADER | 01425nam a22001935a 4500 | ||
|---|---|---|---|
| 001 | CEM.cems016623 | ||
| 005 | 20130320174740.0 | ||
| 008 | 130507s1992##################000#0#####d | ||
| 003 | CEMS | ||
| 020 | |a 8471143585 | ||
| 082 | 0 | 4 | |a 581.2 |
| 100 | 1 | |a Smith, I M | |
| 245 | 1 | 0 | |a Manual de enfermedades de las plantas / |c I M Smith...[et Al.] |
| 260 | |a Madrid : |b Mundi Prensa, |c 1992 | ||
| 300 | |a 671 p. | ||
| 505 | 0 | |a Virus I: Generalidades; Principales grupos de virus -- Virus Ii: Grupos de virus de importancia secundaria -- Virus III: Virus no agrupados y complejos virales -- Virus IV: Enfermedades supuestamente debidas a virus -- Mollicutes y Organismos tipo Rickettsia -- Bacterias I: Pseudomonas y Xanthomonas -- Bacterias II: Agrobacterium, Corynebacterium, Erwinia y Otras Bacterias -- Oomycetes -- Chytridiomycetes; Plasmodiophoromycetes ; Zygomycetes -- Ascomycetes I: Generalidades; Endomycetales, Taphrinales, Eurotiales, Erysiphales -- Ascomycetes II: Clavicipitales, Hypocreales -- Asconycetes III: Ophiostomales, Diaporthales, Polystigmatales, Sphaeriales, Diatrypales, Corineliales -- Ascomycetes IV: Dothideales -- Ascomycetes V: Rhytismatales, Pezizales, Cliciales, Helotiales -- Basidiomycetes I: Ustilaginales -- Basidiomycetes II: Uredinales -- Basidiomycetes III: Hymenomycetes | |
| 653 | |a Plantas-enfermedades | ||
| 653 | |a Patología vegetal | ||
| 859 | |a CEMS |b BIB. CEMS - Agricultura |h 581.2 |i Sm511 |p A18741.95 |t Ej.1 | ||
